Sports Quiz

Random Sports or Golf Quiz

Golf - Vardon Trophy Winners (lowest scoring average) Quiz Stats

 Plays Quiz not verified by Sporcle

Score 0/69 Timer 10:00
0 Plays Today
Year Player % Correct
2013Tiger Woods
99.1%
2009Tiger Woods
99.1%
2007Tiger Woods
99.1%
2005Tiger Woods
99.1%
2003Tiger Woods
99.1%
2002Tiger Woods
99.1%
2001Tiger Woods
99.1%
2000Tiger Woods
99.1%
1999Tiger Woods
99.1%
2014Rory McIlroy
98.3%
2012Rory McIlroy
98.3%
1994Greg Norman
96.6%
1990Greg Norman
96.6%
1989Greg Norman
96.6%
2015Jordan Spieth
94.9%
1997Nick Price
94%
1993Nick Price
94%
2004Vijay Singh
93.2%
1967Arnold Palmer
91.5%
1964Arnold Palmer
91.5%
1962Arnold Palmer
91.5%
1961Arnold Palmer
91.5%
1979Tom Watson
89.7%
1978Tom Watson
89.7%
1977Tom Watson
89.7%
1948Ben Hogan
89.7%
2008Sergio Garcia
88.9%
1955Sam Snead
84.6%
1950Sam Snead
84.6%
1949Sam Snead
84.6%
2011Luke Donald
80.3%
1992Fred Couples
79.5%
1991Fred Couples
79.5%
1980Lee Trevino
75.2%
1974Lee Trevino
75.2%
Year Player % Correct
1972Lee Trevino
75.2%
1971Lee Trevino
75.2%
1970Lee Trevino
75.2%
1982Tom Kite
65.8%
1981Tom Kite
65.8%
2006Jim Furyk
63.2%
1998David Duval
61.5%
1995Steve Elkington
59.8%
1968Billy Casper
59%
1966Billy Casper
59%
1965Billy Casper
59%
1963Billy Casper
59%
1960Billy Casper
59%
1996Tom Lehman
57.3%
1983Raymond Floyd
53%
2010Matt Kuchar
43.6%
1947Jimmy Demaret
37.6%
1956Cary Middlecoff
29.1%
1959Art Wall
28.2%
1975Bruce Crampton
26.5%
1973Bruce Crampton
26.5%
1984Calvin Peete
25.6%
1952Jack Burke
21.4%
1986Scott Hoch
17.9%
1987Dan Pohl
17.1%
1976Don January
12%
1988Chip Beck
10.3%
1957Dow Finsterwald
10.3%
1953Lloyd Mangrum
8.5%
1951Lloyd Mangrum
8.5%
1985Don Pooley
6%
1969Dave Hill
6%
1958Bob Rosburg
6%
1954E.J. Harrison
2.6%

You're not logged in!

Compare scores with friends on all Sporcle quizzes.
OR
Log In

Sporcle TV

Today on Sporcle TV


Watch our educational content, quiz creation guides, and fun videos on Sporcle TV.

Show Comments

Extras

Top Quizzes Today


Score Distribution

Your Account Isn't Verified!

In order to create a playlist on Sporcle, you need to verify the email address you used during registration. Go to your Sporcle Settings to finish the process.

Report this User

Report this user for behavior that violates our Community Guidelines.

Details: